|
|
|
|
| LEADER |
00609cam a2200193 7i4500 |
| 001 |
0000063288 |
| 005 |
20081106090000.0 |
| 008 |
081012s2008 ii 0 eng |
| 020 |
# |
# |
|a 9788177540611
|
| 020 |
# |
# |
|a 8177540610
|
| 090 |
0 |
0 |
|a QL 615
|b .N53 2008
|
| 100 |
1 |
# |
|a Nikolsky, G.V.
|
| 245 |
1 |
4 |
|a The ecology of fishes
|c G. V. Nikolsky.
|
| 260 |
# |
# |
|a Jodhpur, India:
|b Agrobios(India),
|c 2008.
|
| 500 |
# |
# |
|a Translated from the Russian by L. Birkett
|
| 504 |
0 |
0 |
|a Includes bibliographical references and index
|
| 650 |
0 |
0 |
|a Fishes
|
| 700 |
1 |
1 |
|a Birkett, L.
|
| 999 |
|
|
|a 1100058830
|b Book
|c Open Shelf
|e KOLEKSI TERBUKA
|